00703nam a22002417a 450000500170000001000150001702000260003202000390005802000320009703500130012903500130014203700130015503700170016808200100018510000200019524500640021525000120027926000430029127000500033430000390038450000200042370000180044320170804162658.0 aENG-109077 a9781259062889c350.00 a1259062880c350.00 (365.00 bppd) a9781259062889c399.00 (AV) aEN-92610 aB-664557 bDBAD/PUB bBSB/Venadpl a604.2 aAgrawal, Basant aEngineering drawing /cby Basant Agrawal [and] C.M. Agrawal a2nd ed. aNew DelhibMcGraw Hill Educationc2014 aP-24, Green Park ExtensionbNew Delhie110016 avarious pagings :c24cm(pbk)bill. aIncludes index  aAgrawal, C.M.